Vegetation and flora of the Hármas-Körös river (Hungary) with some historical remarks

The Hármas-Körös flood plain is a typical degraded flood plain landscape of the Hungarian Great Plain, although many of the habitats are semi-natural and some are regenerating since human influence is decreasing in some areas. There are important habitats in the river valley that serve as a refuge f...

Teljes leírás

Elmentve itt :
Bibliográfiai részletek
Szerzők: Molnár Zsolt
Bagi István
Kertész Éva
Dokumentumtípus: Könyv része
Megjelent: 1997
Sorozat:Tiscia monograph series
The Cris/Körös rivers' valleys : a study of the geography, hydrobiology and ecology of the river system and its environment
Kulcsszavak:Körös-vidék - ökológia, Körös, Növényvilág
Tárgyszavak:
Online Access:http://acta.bibl.u-szeged.hu/10136
LEADER 01763naa a2200265 i 4500
001 acta10136
005 20220308121718.0
008 161015s1997 hu o 0|| eng d
022 |a 1418-0448 
040 |a SZTE Egyetemi Kiadványok Repozitórium  |b hun 
041 |a eng 
100 1 |a Molnár Zsolt 
245 1 0 |a Vegetation and flora of the Hármas-Körös river (Hungary) with some historical remarks  |h [elektronikus dokumentum] /  |c  Molnár Zsolt 
260 |c 1997 
300 |a 81-101 
490 0 |a Tiscia monograph series 
490 0 |a The Cris/Körös rivers' valleys : a study of the geography, hydrobiology and ecology of the river system and its environment 
520 3 |a The Hármas-Körös flood plain is a typical degraded flood plain landscape of the Hungarian Great Plain, although many of the habitats are semi-natural and some are regenerating since human influence is decreasing in some areas. There are important habitats in the river valley that serve as a refuge for many wetlands communities and species. 504 species and 60 plant communities are listed. 43 species (rare, protected, invasive etc.) and 11 habitats (e.g. ancient and recent woodlands, thickets, oxbow lakes, marshes, kubiks, hay meadows, pastures, dry grasslands, alkali grasslands, river levees) are briefly described. The effect of landscape transformations of the last 200 years on the vegetation is also described. 
650 4 |a Természettudományok 
650 4 |a Föld- és kapcsolódó környezettudományok 
650 4 |a Biológiai tudományok 
695 |a Körös-vidék - ökológia, Körös, Növényvilág 
700 0 1 |a Bagi István  |e aut 
700 0 1 |a Kertész Éva  |e aut 
856 4 0 |u http://acta.bibl.u-szeged.hu/10136/1/tiscia_mono_002_081-101.pdf  |z Dokumentum-elérés